มุมมองปกติ
มุมมองแบบ MARC
- โรงไฟฟ้า
รายการ Topical Term
001 - CONTROL NUMBER
- control field: 11878
003 - CONTROL NUMBER IDENTIFIER
- control field: NALT
005 - DATE AND TIME OF LATEST TRANSACTION
- control field: 20170807112635.0
008 - FIXED-LENGTH DATA ELEMENTS
- fixed length control field: 170807|| aca||babn | a|a d
040 ## - CATALOGING SOURCE
- Original cataloging agency: NALT
150 ## - HEADING--TOPICAL TERM
- Topical term or geographic name entry element: โรงไฟฟ้า
- General subdivision: คำศัพท์
